000
00289nam a22001337a 4500
020
_a
978-1-473-60517-6
082
_a
920
_b
TEN/S
100
_a
TENDULKAR,SACHIN
245
_a
PLAYING IT MY WAY
260
_a
LONDON
_b
HODDER
300
_a
486
650
_a
AUTOBIOGRAPHY
_z
LONDON
942
_c
BK
999
_c
5704
_d
5704